Estatísticas para 100 estádios brasileiros, 100 cidades

Clique aqui para jogar o quiz

Estatísticas Gerais

  • Esse quiz foi jogado 184 vezes
  • A pontuação média é 54 de 100

Estatísticas das Respostas

EstádioUFCidade% Correto
Serra DouradaGOGoiânia
97%
Mané GarrinchaDFBrasília
95%
MineirãoMGBelo Horizonte
94%
Brinco de OuroSPCampinas
94%
Arena da BaixadaPRCuritiba
93%
MorumbiSPSão Paulo
93%
Arena BarueriSPBarueri
92%
Arena PantanalMTCuiabá
92%
CastelãoCEFortaleza
92%
MaracanãRJRio de Janeiro
92%
Arena CondáSCChapecó
91%
Nabi Abi ChedidSPBragança Paulista
90%
Orlando ScarpelliSCFlorianópolis
89%
ArrudaPERecife
89%
Arena Fonte NovaBASalvador
89%
Arena JoinvilleSCJoinville
88%
Beira-RioRSPorto Alegre
88%
Vila BelmiroSPSantos
88%
Heriberto HülseSCCriciúma
87%
Arena das DunasRNNatal
87%
MangueirãoPABelém
86%
Estádio do CaféPRLondrina
84%
Rei PeléALMaceió
83%
Arena da AmazôniaAMManaus
83%
MorenãoMSCampo Grande
79%
AlmeidãoPBJoão Pessoa
77%
Arena da FlorestaACRio Branco
77%
Arena BatistãoSEAracaju
76%
CentenárioRSCaxias do Sul
76%
CastelãoMASão Luís
76%
Raulino de OliveiraRJVolta Redonda
76%
PrudentãoSPPresidente Prudente
74%
AmigãoPBCampina Grande
72%
Nilton SantosTOPalmas
71%
Anacleto CampanellaSPSão Caetano do Sul
71%
Santa CruzSPRibeirão Preto
70%
AlbertãoPITeresina
70%
Jonas DuarteGOAnápolis
69%
Novelli JúniorSPItu
69%
Parque do SabiáMGUberlândia
69%
Arena Fonte LuminosaSPAraraquara
68%
ZerãoAPMacapá
68%
Kléber AndradeESCariacica
66%
Jóia da PrincesaBAFeira de Santana
63%
Jayme CintraSPJundiaí
63%
Boca do LoboRSPelotas
61%
Germano KrügerPRPonta Grossa
61%
Primeiro de MaioSPSão Bernardo do Campo
61%
DouradãoMSDourados
58%
Willie DavidsPRMaringá
56%
Barão de Serra NegraSPPiracicaba
51%
FumeirãoALArapiraca
50%
HelenãoMGJuiz de Fora
50%
Walter RibeiroSPSorocaba
50%
Arnaldo BusattoPRCascavel
46%
LacerdãoPECaruaru
45%
Passo das EmasMTLucas do Rio Verde
45%
MoacyrzãoRJMacaé
45%
Colosso da LagoaRSErechim
44%
Major Levy SobrinhoSPLimeira
44%
TeixeirãoSPSão José do Rio Preto
44%
Martins PereiraSPSão José dos Campos
44%
RomeirãoCEJuazeiro do Norte
43%
Bento de AbreuSPMarília
43%
Arena do JacaréMGSete Lagoas
39%
AlfredãoSPBauru
38%
Montanha dos VinhedosRSBento Gonçalves
37%
Décio VittaSPAmericana
35%
GilbertãoSPLins
35%
Jorge Ismael de BiasiSPNovo Horizonte
35%
Arena PernambucoPESão Lourenço da Mata
35%
LomantãoBAVitória da Conquista
34%
Luthero LopesMTRondonópolis
33%
MelãoMGVarginha
33%
Herminio OmettoSPAraras
31%
José Maria Campos MaiaSPMirassol
31%
Gigante do NorteMTSinop
31%
Juscelino KubitschekGOItumbiara
29%
Cornélio de BarrosPESalgueiro
29%
Vermelhão da SerraRSPasso Fundo
28%
Lancha FilhoSPFranca
27%
FortalezaSPBarretos
22%
Zezinho MagalhãesSPJaú
22%
Serra do LagoGOLuziânia
22%
14 de DezembroPRToledo
21%
Dario Rodrigues LeiteSPGuaratinguetá
20%
Francisco Nogueira FilhoSPMogi das Cruzes
18%
Silvio SallesSPCatanduva
17%
Giulite CoutinhoRJMesquita
17%
Ademir CunhaPEPaulista
17%
ManduzãoMGPouso Alegre
16%
TaquarãoSPTaquaritinga
16%
Vail ChavesSPMogi Mirim
14%
Oswaldo ScatenaSPBatatais
13%
ArapucãoGOJataí
12%
Maria Teresa BredaSPOlímpia
8%
Antônio Lins Ribeiro GuimarãesSPSanta Bárbara d'Oeste
8%
Alfredo ChiavegatoSPJaguariúna
3%
Otacília Patrício ArroyoSPMonte Azul Paulista
2%
Carlos AffiniSPParaguaçu Paulista
0%

Distribuição das Pontuações

Percentil de Números Respondidos

Porcentagem de Pessoas com Cada Pontuação

Sua Pontuação Histórica

Você não jogou esse quiz